[Event "Belgrade-chT Premier"]
[Site "Belgrade"]
[Date "2023.10.07"]
[Round "11.2"]
[White "Maksimovic, Masa"]
[Black "Crevar, Stefan"]
[Result "1-0"]
[WhiteElo "2099"]
[BlackElo "1754"]
[PlyCount "83"]
[EventDate "2023.09.29"]
[EventType "team-tourn"]
[EventRounds "11"]
[EventCountry "SRB"]
[SourceTitle "CBM 216 Extra"]
[Source "ChessBase"]
[SourceDate "2023.11.30"]
[SourceVersion "1"]
[SourceVersionDate "2023.11.30"]
[SourceQuality "1"]
[WhiteTeam "Belgrade Turbina"]
[BlackTeam "Belgrade Polet"]
[WhiteTeamCountry "SRB"]
[BlackTeamCountry "SRB"]

1. e4 c5 2. Nf3 g6 3. d4 cxd4 4. Nxd4 Bg7 5. Nc3 Nc6 6. Be3 Nf6 7. Nxc6 bxc6 8. e5 Ng8 9. Bd4 Nh6 10. e6 0-0 11. Bxg7 Kxg7 12. Qd4+ Kg8 13. exd7 Qxd7 14. 0-0-0 Qxd4 15. Rxd4 Be6 16. Be2 Nf5 17. Ra4 Bd5 18. Nxd5 cxd5 19. Rd1 e6 20. c4 Rfc8 21. Kb1 dxc4 22. Rxc4 Rxc4 23. Bxc4 Rc8 24. b3 Rc7 25. a4 a5 26. Rd8+ Kg7 27. Ra8 Rc5 28. Kb2 Nd6 29. Kc3 Nxc4 30. bxc4 Kf6 31. Rb8 Ke5 32. Rb7 f6 33. Rxh7 Kd6 34. Ra7 g5 35. Ra6+ Ke5 36. Rb6 f5 37. h3 f4 38. Rb5 Kd6 39. g3 e5 40. gxf4 exf4 41. Rxc5 Kxc5 42. f3 1-0

[Event "Belgrade-chT Premier"]
[Site "Belgrade"]
[Date "2023.10.02"]
[Round "6.4"]
[White "Crevar, Stefan"]
[Black "Pavicevic, Jovan R"]
[Result "0-1"]
[WhiteElo "1754"]
[BlackElo "2140"]
[PlyCount "70"]
[EventDate "2023.09.29"]
[EventType "team-tourn"]
[EventRounds "11"]
[EventCountry "SRB"]
[SourceTitle "CBM 216 Extra"]
[Source "ChessBase"]
[SourceDate "2023.11.30"]
[SourceVersion "1"]
[SourceVersionDate "2023.11.30"]
[SourceQuality "1"]
[WhiteTeam "Belgrade Polet"]
[BlackTeam "Lila Ma Mladenovac"]
[WhiteTeamCountry "SRB"]
[BlackTeamCountry "SRB"]

1. e4 e6 2. d4 d5 3. e5 c5 4. c3 Nc6 5. Nf3 Qb6 6. a3 f6 7. b4 c4 8. Be2 fxe5 9. Nxe5 Nxe5 10. dxe5 g6 11. Be3 Qc7 12. f4 Nh6 13. g4 Bg7 14. a4 Nf7 15. Na3 a6 16. a5 g5 17. fxg5 Bxe5 18. Qc2 Qe7 19. Qd2 Rg8 20. h4 Nd6 21. Bf3 Rf8 22. Bg2 Bg3+ 23. Ke2 e5 24. Qxd5 Bxg4+ 25. Kd2 Rd8 26. Kc1 Nf5 27. Bc5 Rxd5 28. Bxe7 Bf4+ 29. Kb1 Rd2 30. Bxf8 Rxg2 31. Ra2 Rxa2 32. Kxa2 Kxf8 33. Nxc4 Bf3 34. Re1 Bd5 35. Kb3 Nd6 0-1

[Event "Belgrade-chT2 Quality"]
[Site "Belgrade"]
[Date "2022.10.30"]
[Round "7.8"]
[White "Jugovic, Dragan"]
[Black "Crevar, Stefan"]
[Result "0-1"]
[WhiteElo "2044"]
[BlackElo "1719"]
[PlyCount "115"]
[EventDate "2022.10.15"]
[EventType "team-tourn"]
[EventRounds "13"]
[EventCountry "SRB"]
[SourceTitle "EXT 2024"]
[Source "ChessBase"]
[SourceDate "2023.10.10"]
[SourceVersion "1"]
[SourceVersionDate "2023.10.10"]
[SourceQuality "1"]
[WhiteTeam "Belgrade Bogoslov"]
[BlackTeam "Belgrade Polet"]
[WhiteTeamCountry "SRB"]
[BlackTeamCountry "SRB"]

1. d4 Nf6 2. c4 c5 3. Nf3 cxd4 4. Nxd4 g6 5. Nc3 Bg7 6. e4 d6 7. Be2 Nc6 8. Be3 Bd7 9. 0-0 0-0 10. f3 Rc8 11. Qd2 a6 12. Rad1 Qa5 13. Nxc6 bxc6 14. a3 Rb8 15. b4 Qxa3 16. Ra1 Qxb4 17. Rfb1 Nxe4 18. Rxb4 Nxd2 19. Rxb8 Rxb8 20. Bxd2 Rb2 21. Rxa6 Bd4+ 22. Kf1 Rxd2 23. Ne4 Rb2 24. Ke1 f5 25. Ra8+ Kg7 26. Rd8 fxe4 27. Rxd7 exf3 28. Bxf3 Kf6 29. Bxc6 Be5 30. h3 h6 31. Be4 Bc3+ 32. Kf1 Rd2 33. Bf3 Bb4 34. Be2 Ra2 35. Bd3 Bc5 36. Be4 Ra4 37. Bd3 Ra2 38. Be4 Rd2 39. Bf3 Rc2 40. Bd5 e6 41. Bf3 Rxc4 42. Rh7 h5 43. Rh8 e5 44. Rf8+ Kg5 45. Bd5 Rd4 46. Bf3 e4 47. Be2 Ra4 48. g3 Ra1+ 49. Kg2 Rg1+ 50. Kh2 Re1 51. Bc4 Bg1+ 52. Kg2 e3 53. h4+ Kh6 54. Bd3 Bf2 55. Rf3 Rg1+ 56. Kh3 Rd1 57. Bb5 d5 58. Ba4 0-1

[Event "Belgrade-chT2 Quality"]
[Site "Belgrade"]
[Date "2022.10.22"]
[Round "3.8"]
[White "Radovic, Dragan"]
[Black "Crevar, Stefan"]
[Result "0-1"]
[WhiteElo "2012"]
[BlackElo "1719"]
[PlyCount "81"]
[EventDate "2022.10.15"]
[EventType "team-tourn"]
[EventRounds "13"]
[EventCountry "SRB"]
[SourceTitle "EXT 2024"]
[Source "ChessBase"]
[SourceDate "2023.10.10"]
[SourceVersion "1"]
[SourceVersionDate "2023.10.10"]
[SourceQuality "1"]
[WhiteTeam "Belgrade Vodovod"]
[BlackTeam "Belgrade Polet"]
[WhiteTeamCountry "SRB"]
[BlackTeamCountry "SRB"]

1. d4 Nf6 2. Bf4 c5 3. e3 cxd4 4. exd4 g6 5. Nf3 Bg7 6. Nc3 0-0 7. Be2 d5 8. 0-0 Nc6 9. Re1 Ne4 10. h3 Nxc3 11. bxc3 Bf5 12. Bd3 Bxd3 13. cxd3 Rc8 14. Qd2 Re8 15. Rab1 Qd7 16. Qb2 b6 17. Qb5 Qf5 18. Bg3 Bh6 19. Nh4 Qd7 20. Nf3 Qf5 21. Rbd1 f6 22. Re2 Kf7 23. Nh4 Qd7 24. Nf3 Qf5 25. c4 Red8 26. c5 bxc5 27. dxc5 Bf4 28. Nh4 Qg5 29. Nf3 Qf5 30. Nh4 Qg5 31. Nf3 Qf5 32. d4 Bxg3 33. fxg3 Rc7 34. Rf1 Rb8 35. Qa4 Qd3 36. Ne5+ Nxe5 37. Rxe5 Qxg3 38. Rxd5 Rb2 39. Rxf6+ exf6 40. Rd7+ Rxd7 41. Qxd7+ 0-1